000
00207 a2200097 4500
001
3722
100
_a
husain S I
245
_a
Economic problems of Pakistan
260
_a
_b
Din Muha
_c
090
_c
2970
_d
2970
942
_a
NUST-CAE
_c
M
_c
21891
999
_c
238795
_d
238795